000 00907cab a2200277 4500
001 ABS60702
008 090401t1999 xxu||||| |||| 00| 0 eng d
035 _a(Sirsi) u93501
041 _aeng
100 _aPage, D.
245 _aSocial regeneration
260 _c1999
350 _a0
490 _aHousing and Planning Review
_v54(2) April/May 1999, 7-8(2)
520 _aDebates the sensitive issue of the concentration of poverty on social housing estates. Highlights the Doctor Russell Court in Scotswood, Newcastle, and the London borough of Southwark. Compares UK and US approaches to social regeneration.
650 _aDOCTOR RUSSELL COURT
650 _aHOUSING ESTATES
650 _aHOUSING POLICY
650 _aSOCIAL REGENERATION
650 _aSOUTHWARK
650 _aUNITED KINGDOM
650 _aUNITED STATES
690 _aURBAN RENEWAL
942 _n0
948 _c20/05/1999
999 _c59251
_d59251